LEADER 01554nam a2200277 u 4500 001 000000025931 003 CaOOAMICUS 005 20070226111523.0 008 950628s1961 it u000 u ita u 035 $a10666767 040 $aPUL(R)$bita 111 2 $aSettimana sociale dei cattolici d'Italia$n(33 :$d1960 :$cReggio Calabria).$0(OLS)http://pul/name/21455 245 13$aLe migrazioni interne ed internazionali nel mondo contemporaneo :$bXXXIII settimana sociale dei Cattolici d'Italia, Reggio di Calabria - 25 settembre - 1 ottobre 1960. 246 33$aAtti della XXXIII settimana sociale dei Cattolici d'Italia 260 $aRoma :$bEd. Settimane sociali,$c1961. 300 $a502 p. ;$c26 cm 490 1 $aSettimane Sociali dei Cattolici d'Italia ;$v33 504 $aBibliografia in nota. 650 4$aEmigrazione e immigrazione.$0(OLS)http://pul/subject/12698 830 0$aSettimane Sociali dei Cattolici d'Italia ;$v33.$0(OLS)http://pul/title/1373 850 $aPUL 852 $aPUL$W1$xDP1 Cons. Gen., Altre Classi 1$y22$m44 A 33$j36230$nBK-PRI$b $qStampati$B36230$CPULBib$Z2$F36230 $H $81 941 1 $a8 996 $6245$aLe migrazioni interne ed internazionali nel mondo contemporaneo :$bXXXIII settimana sociale dei Cattolici d'Italia, Reggio di Calabria - 25 settembre - 1 ottobre 1960$9(OLS)http://pul/title/35689 996 $6246$aAtti della XXXIII settimana sociale dei Cattolici d'Italia$9(OLS)http://pul/title/35690 996 $6260$aRoma :$bEd. Settimane sociali$9(OLS)http://pul/publisher/59085